Suomen joukkueen lipunkantajat olympialaisissa - Statistics

Yleistilastot
  • Tätä visaa on pelattu 108 kertaa
    77 viimeisimmän päivityksen jälkeen
  • Keskiarvotulos 13 / 48
Vastaustilastot
Olympialaiset Lipunkantaja Laji % Oikein
1998 Nagano Janne Ahonen Mäkihyppy
82%
2018 Pyeongchang Janne Ahonen Mäkihyppy
82%
2014 Sotši Enni Rukajärvi Lumilautailu
73%
2012 Lontoo Hanna-Maria Seppälä Uinti
67%
1976 Montreal Lasse Viren Kestävyysjuoksu
63%
1994 Lillehammer Marja-Liisa Kirvesniemi Maastohiihto
60%
2000 Sydney Olli-Pekka Karjalainen Moukarinheitto
58%
2002 Salt Lake City Toni Nieminen Mäkihyppy
57%
2008 Peking Juha Hirvi Ammunta
55%
2016 Rio de Janeiro Tuuli Petäjä-Sirén Purjehdus
54%
1996 Atlanta Mikko Kolehmainen Melonta
48%
2006 Torino Janne Lahtela Kumparelasku
46%
1972 Sapporo Juha Mieto Maastohiihto
43%
1964 Innsbruck Veikko Hakulinen Ampumahiihto
34%
1980 Lake Placid Heikki Ikola Ampumahiihto
33%
2010 Vancouver Ville Peltonen Jääkiekko
31%
2004 Ateena Thomas Johanson Purjehdus
30%
1988 Soul Jouko Salomäki Paini
27%
1968 Grenoble Veikko Kankkonen Mäkihyppy
25%
1952 Oslo Heikki Hasu Yhdistetty
24%
1984 Los Angeles Esko Rechardt Purjehdus
18%
1992 Barcelona Harri Koskela Paini
16%
1992 Albertville Timo Blomqvist Jääkiekko
16%
1928 Amsterdam Akilles Järvinen 10-ottelu
15%
1932 Los Angeles Akilles Järvinen 10-ottelu
15%
1936 Berliini Akilles Järvinen 10-ottelu
15%
1932 Lake Placid Ossi Blomqvist Pikaluistelu
15%
1968 Mexico City Pentti Linnosvuo Ammunta
15%
1956 Cortina d'Ampezzo Antti Hyvärinen Mäkihyppy
13%
1928 St. Moritz Esko Järvinen Yhdistetty/mäkihyppy
13%
1960 Squaw Valley Paavo Korhonen Yhdistetty
13%
1956 Melbourne Eeles Landström Seiväshyppy
10%
1960 Rooma Eeles Landström Seiväshyppy
10%
1964 Tokio Eugen Ekman Telinevoimistelu
10%
1972 München Ilkka Nummisto Melonta
9%
1980 Moskova Peter Tallberg Purjehdus
9%
1976 Innsbruck Rauno Miettinen Yhdistetty
9%
1984 Sarajevo Jorma Valtonen Jääkiekko
7%
1936 Garmisch-Partenkirchen Sulo Nurmela Maastohiihto
7%
1952 Helsinki Väinö Suvivuo 110-metrin aidat
7%
1924 Pariisi Elmer Nikander Yleisurheilu
6%
1948 St. Moritz Pekka Vanninen Maastohiihto
6%
1988 Calgary Pertti Niittylä Pikaluistelu
6%
1920 Antwerpen Emil Hagelberg Nykyaikainen 5-ottelu
4%
1948 Lontoo Hannes Sonck 10-ottelu
4%
1924 Chamonix Armas Palmros Maastohiihto
3%
1908 Lontoo Bruno Zilliacus Kuulantyöntö
3%
1912 Tukholma Eino Saastamoinen Voimistelu
3%
Ehtoja vastaavia visoja ei löytynyt
Tulosjakauma
Jokaisen tuloksen saaneiden osuus
Persentiili vastausten määrän mukaan
Tuloshistoriasi
Et ole pelannut tätä visaa sen viimeisimmän päivityksen jälkeen